[Event "CZE-chT2"]
[Site "?"]
[Date "1995.??.??"]
[Round "?"]
[White "Haba, Zdenek"]
[Black "Svatos, Jan"]
[Result "1/2-1/2"]
[WhiteElo "2275"]
[BlackElo "2290"]

1.d4 d5 2.c4 c6 3.Nf3 dxc4 4.g3 Nf6 5.Bg2 Bf5 6.O-O Bxb1 7.Rxb1 Nbd7 8.Qc2 Nb6
9.Rd1 Qd5 10.Ne5 Qe6 11.a4 Nfd7 12.Nxd7 Qxd7 13.a5 Nd5 14.e4 Nc7 15.Qxc4 e6
16.d5 e5 17.Qb3 cxd5 18.exd5 Nb5 19.d6 a6 20.Qd5 Qxd6 21.Re1 Qxd5 22.Bxd5 O-O-O
23.Bxf7 Bb4 24.Rf1 Rhf8 25.Be6+ Kb8 26.Bg5 Rd4 27.Be3 Rd6 28.Bg4 Nd4 29.Rbc1 Bxa5
30.Rc5 Bb6 31.Rxe5 Nf3+ 32.Bxf3 Rxf3 33.Bf4 Ka7 34.Re7 Rg6 35.Be3 Bxe3 36.fxe3 Rxf1+
37.Kxf1 Kb6 38.Ke2 Kc6 39.Kf3 b5 40.e4 a5 41.e5 b4 42.Kf4 h5 43.h3 a4 44.Ra7 Kb5
45.Rd7 a3 46.bxa3 bxa3 47.Ra7 Ra6 48.Rxa6 Kxa6 49.e6 a2 50.e7 a1=Q 51.e8=Q Qf1+
52.Kg5 Qxh3 53.Qg6+ Kb5 54.Qf5+ Qxf5+ 55.Kxf5 Kc4 56.Kg6 Kd4 57.Kxg7 Ke3
58.Kg6 Kf3 59.Kxh5 Kxg3  1/2-1/2

[Event "Decin op"]
[Site "Decin"]
[Date "1995.??.??"]
[Round "4"]
[White "Konopka, Michal"]
[Black "Meduna, Eduard"]
[Result "0-1"]
[WhiteElo "2420"]
[BlackElo "2445"]

1.Nf3 Nf6 2.c4 c6 3.d4 d5 4.Qb3 dxc4 5.Qxc4 Bf5 6.Nc3 e6 7.g3 Nbd7 8.Bg2 Be7
9.O-O O-O 10.Bg5 h6 11.Bxf6 Bxf6 12.e4 Bg6 13.Rad1 a5 14.Rfe1 Re8 15.Qe2 Qb6
16.Qe3 a4 17.e5 Be7 18.Nd2 Qxb2 19.Rb1 Qc2 20.Be4 Bxe4 21.Ndxe4 c5 22.Rec1 cxd4
23.Qxd4 Nxe5 24.Qxe5 Qd3 25.Rxb7 Rac8 26.Rd1 Qf3 27.Rdd7 Bf6 28.Rxf7 Qxf2+
29.Kxf2 Bxe5 30.Rf3 Rc4 31.Ke2 Rec8 32.Kd2 Rd8+ 33.Rd3 Rf8 34.Ke2 Rfc8 35.Kd2 Rf8
36.Re3 Bd4 37.Re1 Rd8 38.Kc2  0-1

[Event "Dhaka"]
[Site "Dhaka"]
[Date "1995.??.??"]
[Round "1"]
[White "Krasenkow, Michal"]
[Black "Reefat bin Satter"]
[Result "1-0"]
[WhiteElo "2575"]
[BlackElo "2430"]

1.d4 d5 2.c4 dxc4 3.Nf3 c6 4.e3 b5 5.a4 e6 6.Ne5 Nf6 7.Nc3 b4 8.Nb1 Nbd7
9.Nxc4 Be7 10.Be2 O-O 11.O-O c5 12.a5 Ba6 13.b3 Qc7 14.Bb2 cxd4 15.exd4 Nd5
16.Nbd2 Rac8 17.Rc1 Nf4 18.Re1 Nxe2+ 19.Qxe2 Nf6 20.Ne4 Qf4 21.Nc5 Bxc5 22.dxc5 Rxc5
23.Be5 Qh6 24.Bd6 Rh5 25.Qe3 Qxe3 26.Nxe3 Ra8 27.Rc5 Rxc5 28.Bxc5 Ne4 29.Bxb4 Rb8
30.Rd1 f5 31.Nc2 Be2 32.Rd7 Rc8 33.Ne1 Rb8 34.Be7 Rxb3 35.f3 Bb5 36.Rxa7 Nc3
37.a6 Rb1 38.Bh4 Ra1 39.Ra8+ Kf7 40.a7 g5 41.Bf2 Ne2+ 42.Kh1 Nd4 43.Rd8  1-0

[Event "Dhaka"]
[Site "Dhaka"]
[Date "1995.??.??"]
[Round "2"]
[White "Gunawan, Ruben"]
[Black "Sevillano, Enrico"]
[Result "0-1"]
[WhiteElo "2430"]
[BlackElo "2440"]

1.d4 Nf6 2.Nf3 d5 3.c4 c6 4.Qc2 g6 5.Bf4 Bg7 6.e3 O-O 7.Nc3 a5 8.Be2 Na6
9.Qb3 Nb4 10.O-O Bf5 11.Rfc1 dxc4 12.Bxc4 b5 13.Be2 Nc2 14.Rxc2 a4 15.Nxa4 bxa4
16.Qc4 Bxc2 17.Qxc2 Nd5 18.Bg3 Qb6 19.Ne5 Bxe5 20.Bxe5 a3 21.b3 Qa5 22.Rc1 Nb4
23.Qb1 f6 24.Bg3 Qb6 25.h4 Ra5 26.Rd1 Kg7 27.Bc4 Qa7 28.Rd2 Qd7 29.Qe1 Rd8
30.Re2 Qb7 31.Kh2 Rh5 32.Be6 Qb5 33.Bg4 Rhd5 34.Be6 Rh5 35.Bg4 Rh6 36.Qc1 g5
37.Qxa3 f5 38.Bxf5 Qxe2 39.Qxb4 Kf8 40.d5 Rxd5 41.Bg4 Qb5 42.Qc3 Rf6 43.hxg5 Rxg5
44.Bh3 Rh5 45.a4 Qf5 46.Bf4 Rg6 47.f3 Rxh3+ 48.gxh3 Qb1  0-1

[Event "Nord Cup 1st"]
[Site "Duesseldorf"]
[Date "1995.??.??"]
[Round "5"]
[White "Eckert, Frank"]
[Black "Giese, Benjamin"]
[Result "1-0"]
[WhiteElo "1950"]
[BlackElo "2160"]

1.d4 d5 2.c4 c6 3.Nf3 dxc4 4.e3 b5 5.a4 e6 6.b3 Bb4+ 7.Bd2 Bxd2+ 8.Qxd2 a5
9.bxc4 b4 10.Bd3 Nf6 11.O-O O-O 12.Qc2 Nbd7 13.Nbd2 Qc7 14.Nb3 Ba6 15.Rfe1 c5
16.Ng5 h6 17.Ne4 cxd4 18.Nxf6+ Nxf6 19.exd4 Rfc8 20.Rac1 Qd7 21.Re5 Bb7 22.Rxa5 Bc6
23.Rxa8 Rxa8 24.Qb2 Bxa4 25.Nc5 Qd8 26.Qxb4 Qxd4 27.Nxa4 Qxd3 28.Qc3 Qf5
29.Nb2 Ra2 30.Nd3 Ne4 31.Qd4 Ng5 32.Rd1 f6 33.c5 Rc2 34.Qe3 Qg4 35.Re1 e5
36.h3 Qh5 37.Nxe5 fxe5 38.Qb3+ Ne6 39.Qxc2 Nd4 40.Qe4 Qg5 41.c6  1-0

[Event "HUN-ch (Women) B"]
[Site "Eger"]
[Date "1995.??.??"]
[Round "?"]
[White "Nemeth, Maria"]
[Black "Porubszky Angyalosine, Maria A"]
[Result "1-0"]
[WhiteElo "2115"]
[BlackElo "2225"]

1.d4 d5 2.c4 c6 3.Nf3 Nf6 4.Qc2 g6 5.Bf4 dxc4 6.Qxc4 Bg7 7.e3 Be6 8.Qc2 Nd5
9.Bg3 Qa5+ 10.Qd2 Qxd2+ 11.Kxd2 Nb6 12.b3 c5 13.Bb5+ Bd7 14.Nc3 cxd4 15.Bxd7+ N8xd7
16.exd4 a6 17.Rhe1 e6 18.Ne4 O-O 19.Nd6 Ra7 20.Kd3 Nd5 21.a3 b5 22.b4 Bh6
23.Ne5 Nxe5+ 24.Bxe5 Rd8 25.Ke2 f6 26.Bg3 Rad7 27.Ne4 f5 28.Nc5 f4 29.Bh4 g5
30.Kf3 gxh4 31.Nxd7 Rxd7 32.Rxe6 Bg7 33.Rxa6 Bxd4 34.Rd1 Nc3 35.Rd3 Kf7 36.Rh6 Kg7
37.Rxh4 Na4 38.Rxf4 Nb2 39.Rdxd4 Rc7 40.Kg4 Nc4 41.a4 Ne5+ 42.Kf5 Ng6 43.axb5 Rf7+
44.Kg4  1-0

[Event "Eger Cup"]
[Site "Eger"]
[Date "1995.??.??"]
[Round "?"]
[White "Zimmerman, Yuri"]
[Black "Dovzik, Juri"]
[Result "1/2-1/2"]
[WhiteElo "2335"]
[BlackElo "2370"]

1.d4 d5 2.Nf3 c6 3.c4 Nf6 4.Qc2 dxc4 5.Qxc4 Bf5 6.Nc3 e6 7.e3 Nbd7 8.Nh4 Bg4
9.h3 Bh5 10.Be2 Bxe2 11.Qxe2 Be7 12.Nf3 O-O  1/2-1/2

[Event "NLD-ch sf"]
[Site "Enschede"]
[Date "1995.??.??"]
[Round "2"]
[White "Langeweg, Kick"]
[Black "Van de Oudeweetering, Arthur"]
[Result "1/2-1/2"]
[WhiteElo "2375"]
[BlackElo "2350"]

1.d4 d5 2.c4 c6 3.Nf3 dxc4 4.e3 b5 5.a4 e6 6.b3 Bb4+ 7.Bd2 Bxd2+ 8.Nfxd2 a5
9.bxc4 b4 10.c5 Ne7 11.Nc4 O-O 12.Bd3 Ba6 13.Nbd2 Nd7 14.Qc2 Bxc4 15.Nxc4 f5
16.O-O Qc7 17.Nd6 Nc8 18.Nc4 Ne7 19.f3 Rf6 20.Rae1 Raf8 21.Nd6 Nc8 22.Nc4 Ne7
23.Nd6  1/2-1/2

[Event "FIN-ch"]
[Site "FIN"]
[Date "1995.??.??"]
[Round "?"]
[White "Fridman, Daniel"]
[Black "Maidla, Vallo"]
[Result "1/2-1/2"]
[WhiteElo "2440"]
[BlackElo "2350"]

1.d4 d5 2.c4 c6 3.Nf3 Nf6 4.Qc2 g6 5.e3 Bg7 6.Nc3 O-O 7.Bd2 a6 8.a4 a5 9.Qb3 Na6
10.cxd5 cxd5 11.Be2 Bf5 12.O-O Qd6 13.Nb5 Qb6 14.Rfc1 Rac8 15.Be1 Rfd8 16.Qd1 Ne4  1/2-1/2

[Event "Arnold Cup"]
[Site "Gausdal"]
[Date "1995.??.??"]
[Round "4"]
[White "Johansson, Per"]
[Black "Kejo, Janne"]
[Result "1-0"]
[WhiteElo "2185"]
[BlackElo "2125"]

1.d4 d5 2.Nf3 Nf6 3.c4 c6 4.Qc2 dxc4 5.Qxc4 Bf5 6.g3 Nbd7 7.Bg2 e6 8.O-O Nb6
9.Qb3 Bxb1 10.Rxb1 Qd5 11.Qxd5 Nbxd5 12.b4 Ne4 13.a3 Be7 14.Ne5 Nec3 15.Rb2 Nb5
16.Rd2 Rd8 17.Bb2 Nb6 18.Nxc6 Nc4 19.Rc2 Ncxa3 20.Bxa3 Rc8 21.Bb2 bxc6 22.Rxc6 Kd7
23.Rfc1 Bxb4 24.d5 exd5 25.Bh3+  1-0

[Event "Gausdal Int"]
[Site "Gausdal"]
[Date "1995.??.??"]
[Round "8"]
[White "Tisdall, Jonathan D"]
[Black "Rausis, Igors"]
[Result "1/2-1/2"]
[WhiteElo "2470"]
[BlackElo "2495"]

1.d4 d5 2.c4 c6 3.Nf3 dxc4 4.e3 b5 5.a4 e6 6.b3 Bb4+ 7.Bd2 Bxd2+ 8.Nbxd2 c3
9.Ne4 b4 10.Ne5 Nf6 11.Qf3 a5  1/2-1/2

[Event "Geneve op"]
[Site "Geneve"]
[Date "1995.??.??"]
[Round "9"]
[White "Khenkin, Igor"]
[Black "Tukmakov, Vladimir B"]
[Result "1/2-1/2"]
[WhiteElo "2530"]
[BlackElo "2585"]

1.d4 d5 2.Nf3 c6 3.c4 dxc4 4.e3 b5 5.a4 e6 6.axb5 cxb5 7.b3 Bb4+ 8.Bd2 Bxd2+
9.Nbxd2 a5 10.bxc4 b4 11.Bd3  1/2-1/2

[Event "BL2-O9495"]
[Site "Germany"]
[Date "1995.??.??"]
[Round "?"]
[White "Konopka, Michal"]
[Black "Nothnagel, Holger"]
[Result "1-0"]
[WhiteElo "2455"]
[BlackElo "2370"]

1.Nf3 d5 2.d4 c6 3.c4 dxc4 4.e3 Nf6 5.Bxc4 e6 6.O-O Be7 7.Nc3 b5 8.Bd3 Bb7
9.Bd2 Nbd7 10.Qe2 a6 11.b4 Bxb4 12.Nxb5 Be7 13.Nc3 c5 14.Rab1 Bxf3 15.Qxf3 cxd4
16.exd4 O-O 17.Na4 Nd5 18.Rfc1 a5 19.Nc5 Ra7 20.Rb5 N7f6 21.a4 Qa8 22.Rcb1 Rc8
23.g3 Nb4 24.Qxa8 Raxa8 25.Bxb4 axb4 26.R5xb4 Bxc5 27.dxc5 Rxc5 28.a5 Kf8
29.a6 Rc6 30.Rb7 Nd5 31.Rb8+ Rxb8 32.Rxb8+ Ke7 33.Rb7+ Kf6 34.Kg2 Ke5 35.a7  1-0

[Event "Oberliga Nord N9495"]
[Site "Germany"]
[Date "1995.??.??"]
[Round "?"]
[White "Tatenhorst, Volker"]
[Black "Mordhorst, Henning"]
[Result "0-1"]
[WhiteElo "2270"]
[BlackElo "2310"]

1.d4 d5 2.c4 c6 3.Nf3 Nf6 4.Qc2 g6 5.g3 Bg7 6.Bg2 O-O 7.O-O Bf5 8.Qb3 Qb6
9.Nc3 Qxb3 10.axb3 e6 11.Bf4 Ne4 12.Ra4 a6 13.Rb4 b5 14.Ra1 Nd7 15.Ra5 Bf6
16.Nxe4 dxe4 17.Nd2 Bd8 18.Ra1 Be7 19.c5 a5 20.Rxb5 cxb5 21.Nxe4 Bxe4 22.Bxe4 Ra7
23.Bd3 e5 24.Bh6 Rc8 25.Bxb5 exd4 26.b4 Nf6 27.c6 Bxb4  0-1

[Event "Landesliga N9495 Bayern"]
[Site "Germany"]
[Date "1995.??.??"]
[Round "1"]
[White "Chloupek, Stanislav"]
[Black "Kreuzer, Martin"]
[Result "0-1"]
[WhiteElo "2310"]
[BlackElo "2285"]

1.d4 d5 2.Nf3 Nf6 3.c4 c6 4.Qb3 Qb6 5.Nc3 e6 6.c5 Qc7 7.Qa4 Nbd7 8.Bg5 e5
9.e3 Be7 10.Bh4 exd4 11.exd4 b6 12.cxb6 Qb7 13.Ne5 Nxe5 14.dxe5 axb6 15.Qc2 Ng8
16.Bxe7 Nxe7 17.Bd3 Ng6 18.O-O Nf4 19.Bf5 Bxf5 20.Qxf5 Ne6 21.f4 g6 22.Qf6 Rg8
23.f5 gxf5 24.Qxf5 Rg7 25.Qf6 Qe7 26.a4 Qxf6 27.exf6 Rg4 28.Rf5 Kd7 29.h3 Rf4
30.Rh5 Nf8 31.Rh6 Rb4 32.Ra2 Ke6 33.Kf2 Rf4+ 34.Ke3 Rxf6 35.Rxf6+ Kxf6 36.Ra1 Ke5
37.Kd3 Ne6 38.Re1+ Kd6 39.Rf1 Nc5+ 40.Kc2 Ke7 41.Rf4 Rg8 42.g4 Ne6 43.Rf2 h5
44.gxh5 Rh8 45.b4 Rxh5 46.a5 bxa5 47.bxa5 d4 48.Ne4 Rxa5 49.Kd3 Ra3+ 50.Kc4 Re3
51.Nf6 Rc3+ 52.Kb4 Rxh3 53.Kc4 Rc3+ 54.Kb4 Nc7 55.Ne4 Nd5+  0-1

[Event "Graz op"]
[Site "Graz"]
[Date "1995.??.??"]
[Round "8"]
[White "Timofeeva, Lidia"]
[Black "Stanka, Wolfgang"]
[Result "0-1"]
[WhiteElo "2175"]
[BlackElo "2230"]

1.d4 c6 2.c4 d5 3.Nf3 Nf6 4.g3 Bf5 5.Bg2 e6 6.O-O Be7 7.b3 Nbd7 8.Bb2 O-O
9.Ne5 Nxe5 10.dxe5 Nd7 11.Nd2 Qc7 12.f4 Qb6+ 13.Kh1 Rfd8 14.Qe1 Bb4 15.cxd5 cxd5
16.Qd1 Nc5 17.Nf3 Ne4 18.Bd4 Qa6 19.e3 Rac8 20.a4 Bg4 21.Ra2 Nc3 22.Bxc3 Rxc3
23.h3 Bxf3 24.Qxf3 d4 25.Rd1 Qb6 26.Rad2 Rxe3 27.Qxe3 dxe3 28.Rxd8+ Bf8 29.Bf3 g6
30.R1d3 Kg7 31.R8d7 e2 32.Bxe2 Qf2 33.Bg4 Bc5 34.Rd1 Qxg3 35.Rf1 Qxb3 36.Bf3 Qxa4
37.Rxb7 Bb6 38.f5 gxf5 39.Bh5 Qe4+ 40.Bf3 Qxe5 41.Bh5 Bc7 42.Rf2 Kh6 43.Bd1 Qg3  0-1

[Event "Groningen op"]
[Site "Groningen"]
[Date "1995.??.??"]
[Round "?"]
[White "Berezin, Oleg"]
[Black "Yagupov, Igor"]
[Result "1/2-1/2"]
[WhiteElo "2265"]
[BlackElo "2405"]

1.d4 d5 2.c4 c6 3.Nf3 Nf6 4.Qc2 dxc4 5.Qxc4 Bf5 6.g3 Nbd7 7.Qb3 Qb6 8.Nbd2 e6
9.Bg2 Ne4 10.O-O Be7 11.Qa4 O-O 12.Ne5 Nxe5 13.Nxe4 Bxe4 14.Bxe4 Nd7 15.Rd1 Nf6
16.Bf3 Rfd8 17.Bg5  1/2-1/2

[Event "Hajduboszormeny IM"]
[Site "Hajduboszormeny"]
[Date "1995.??.??"]
[Round "1"]
[White "Ballai, Zsolt"]
[Black "Kiss, Pal"]
[Result "1/2-1/2"]
[WhiteElo "2285"]
[BlackElo "2470"]

1.d4 d5 2.c4 dxc4 3.Nf3 c6 4.e3 b5 5.a4 e6 6.axb5 cxb5 7.b3 Bb4+ 8.Bd2 Bxd2+
9.Nfxd2 a5 10.bxc4 b4 11.c5 Nf6 12.Bb5+ Bd7 13.Qa4 Qc7 14.Nc4 O-O 15.O-O Bxb5
16.Qxb5 Nc6 17.Nb6 Ra7 18.Nd2 Nd5 19.Nxd5 exd5 20.Ra4 Rb8 21.Qd3 g6 22.Rfa1 Kg7
23.Nb3 f5 24.g3 Rf8 25.Qb5 Rb8 26.Qd3 Rf8 27.Qb5 Rb8  1/2-1/2

[Event "Wch U20"]
[Site "Halle"]
[Date "1995.??.??"]
[Round "6"]
[White "Fridman, Daniel"]
[Black "Wallace, John Paul"]
[Result "1-0"]
[WhiteElo "2490"]
[BlackElo "2405"]

1.Nf3 d5 2.d4 Nf6 3.c4 c6 4.Qc2 g6 5.e3 Bf5 6.Bd3 Bxd3 7.Qxd3 Bg7 8.cxd5 cxd5
9.Qb3 b6 10.Nc3 O-O 11.Ne5 e6 12.O-O Nfd7 13.Nd3 Nc6 14.Qa4 Qc8 15.Bd2 a6
16.Rfc1 Qb7 17.Nxd5 b5 18.Qc2 Rac8 19.Nc3 b4 20.Qb3 a5 21.Na4 Rfd8 22.Nac5 Qb5
23.Nxd7 Rxd7 24.Rc5 Qa6 25.Rac1 Rdc7 26.Qc4 Qb6 27.Qb5 Qxb5 28.Rxb5 Bf8 29.Kf1 Bd6
30.Ke2 Kf8 31.h3 h5 32.Kd1 Ke8 33.Nc5 e5 34.Nb7 Kd7 35.Rb6 Rb8 36.d5 Ne7
37.Rxd6+ Kc8 38.Nxa5  1-0

[Event "Wichern op"]
[Site "Hamburg"]
[Date "1995.??.??"]
[Round "3"]
[White "Buhr, Carl Christian"]
[Black "Kues, Hendrik"]
[Result "1-0"]
[WhiteElo "2240"]
[BlackElo "2215"]

1.d4 d5 2.c4 c6 3.Nf3 Nf6 4.Qb3 dxc4 5.Qxc4 Bf5 6.Nc3 e6 7.g3 Be7 8.Bg2 O-O
9.O-O Nbd7 10.e3 Re8 11.Nh4 Bg4 12.h3 Bh5 13.f4 Nd5 14.Nf3 N5b6 15.Qe2 c5
16.dxc5 Bxc5 17.g4 Bg6 18.Rd1 Qb8 19.Kh1 h5 20.Nh4 hxg4 21.Nxg6 gxh3 22.Be4 fxg6
23.Bxg6 Rd8 24.Qh5  1-0

[Event "Harkany op "]
[Site "Harkany"]
[Date "1995.??.??"]
[Round "?"]
[White "Portisch, Ferenc"]
[Black "Feher, Gyula"]
[Result "0-1"]
[WhiteElo "2385"]
[BlackElo "2415"]

1.d4 d5 2.c4 c6 3.Nf3 Nf6 4.g3 dxc4 5.Bg2 b5 6.a4 Bb7 7.Ne5 Nd5 8.O-O e6
9.e4 Nb4 10.Nc3 a6 11.Qf3 Qe7 12.Bg5 f6 13.Qh5+ g6 14.Nxg6 hxg6 15.Qxh8 fxg5
16.d5 Nd3 17.dxc6 Nxc6 18.axb5 Nce5 19.bxa6 Rxa6 20.Rxa6 Bxa6 21.Ra1 Bb7
22.Nd1 Qf7 23.Ra7 Nc6 24.Ra4 e5 25.Ra1 Kd7 26.Qh3+ Kc7 27.Qg4 Bc5 28.Qf3 Qxf3
29.Bxf3 Nd4 30.Bg2 g4 31.Ra4 Bc6 32.Rxc4 Bb5 33.Rxc5+ Nxc5 34.Ne3 Nf3+ 35.Kh1 Bd7
36.Nd5+ Kd6 37.Nc3 Nd3 38.Nd1 Ba4  0-1

[Event "Hlohovec op"]
[Site "Hlohovec"]
[Date "1995.??.??"]
[Round "?"]
[White "Meduna, Eduard"]
[Black "Kolesar, Milan"]
[Result "1-0"]
[WhiteElo "2480"]
[BlackElo "2255"]

1.d4 d5 2.c4 c6 3.Nf3 Nf6 4.Qc2 dxc4 5.Qxc4 Bf5 6.g3 e6 7.Bg2 Nbd7 8.Nc3 Be7
9.e3 O-O 10.O-O Qb6 11.Qe2 Ne4 12.Nd2 Nxd2 13.Bxd2 Bg6 14.f4 Rfe8 15.Be1 c5
16.d5 c4 17.Qxc4 Qxb2 18.Rd1 Nb6 19.Qb5 Qxb5 20.Nxb5 Red8 21.d6 Bf8 22.Ba5 Rd7
23.Rd4 Nd5 24.Bxd5 exd5 25.f5 Rc8 26.fxg6 Rc5 27.Rxf7  1-0

[Event "EU-ch U20"]
[Site "Holon"]
[Date "1995.??.??"]
[Round "2"]
[White "Van de Mortel, Jan"]
[Black "Pcola, Pavel"]
[Result "1/2-1/2"]
[WhiteElo "2340"]
[BlackElo "2335"]

1.d4 d5 2.Nf3 Nf6 3.c4 c6 4.Qc2 g6 5.Bf4 Bg7 6.e3 Bf5 7.Qb3 Qb6 8.c5 Qxb3
9.axb3 Bxb1 10.Rxb1 Nbd7 11.b4 a6 12.Be2 O-O 13.Nd2 Rfe8 14.Nb3 e5 15.dxe5 Nxe5
16.h4  1/2-1/2

[Event "EU-ch U20"]
[Site "Holon"]
[Date "1995.??.??"]
[Round "9"]
[White "Edzgveradze, Natalia"]
[Black "Pedersen, Daniel Vesterbaek"]
[Result "1/2-1/2"]
[WhiteElo "2320"]
[BlackElo "2165"]

1.d4 d5 2.c4 dxc4 3.Nf3 c6 4.e3 b5 5.a4 e6 6.Bd2 Nf6 7.Ne5 Bb7 8.b3 b4 9.Bxc4 c5
10.dxc5 Bxc5 11.O-O Bd6 12.Bb5+ Nbd7 13.Nxd7 Nxd7 14.Qg4 O-O 15.Bxd7 Qxd7
16.Bxb4 Bxb4 17.Qxb4 Rab8 18.Qg4 f5 19.Rd1 Bd5 20.Qg3 Rxb3 21.Nd2 Rd3 22.Nf3 f4
23.exf4 Rxd1+ 24.Rxd1 Qxa4 25.Rf1 Qxf4 26.Qxf4 Rxf4 27.Ra1 Rb4 28.Kf1 Rb7
29.Ne5 Kf8 30.g3 g5 31.Ke2 Rb2+ 32.Ke3 Ra2 33.Rc1 a5 34.Rc7 a4 35.Rxh7 a3
36.Nd7+ Ke8 37.Nf6+ Kd8 38.Nxd5 exd5 39.Ra7 d4+ 40.Kxd4 Rxf2 41.Rxa3 Rxh2
42.Ra5 Ke7 43.Ke4 Kf7 44.Kf5 Rh6 45.Ra7+ Kg8 46.Kxg5 Rb6 47.Re7 Kf8 48.Re5 Kg7  1/2-1/2

[Event "Horgen-B"]
[Site "Horgen"]
[Date "1995.??.??"]
[Round "5"]
[White "Brunner, Lucas"]
[Black "Hodgson, Julian M"]
[Result "1/2-1/2"]
[WhiteElo "2530"]
[BlackElo "2590"]

1.d4 d5 2.c4 c6 3.Nf3 dxc4 4.e3 b5 5.a4 e6 6.b3 Bb4+ 7.Bd2 Bxd2+ 8.Qxd2 cxb3
9.axb5 Ne7 10.Qb4 O-O 11.Nbd2 Bb7 12.Qxb3 Nd7 13.Be2 cxb5 14.Qxb5 Bc6 15.Qa5 Nb6
16.O-O Ng6 17.Rfc1 Bd5 18.Rc5 Re8 19.Rac1 Re7 20.Bd3 Bb7 21.Qa3 Rd7 22.Ba6 Bd5
23.h3 Rb8 24.Bb5 Re7 25.Bc6 Bxc6 26.Rxc6 Reb7 27.Ne4 Nd5 28.Nc5 Rb6 29.Na6 Rxc6
30.Rxc6 Rb1+ 31.Kh2 Rb6 32.Rc1 Nge7 33.Ne5 h6 34.Nc5 Qa8 35.Ra1 a6 36.Nxa6 f6
37.Nd7 Rb7 38.Ndc5 Rb6 39.e4 Nf4 40.Qe3 Nfg6 41.Qg3 e5 42.d5 f5 43.Rd1 Rd6
44.f3 Nf4 45.Rd2 fxe4 46.fxe4 Rxa6 47.Nxa6 Qxa6 48.d6 Nc6 49.Qb3+ Kh7 50.Qf7 Qa5
51.Qf5+ Ng6 52.Rd3 Qd8 53.g3 Qg5 54.Qxg5 hxg5 55.Rc3 Nb8 56.Rc7 Nf8 57.Re7 Nbd7
58.Kg2 Kg6 59.Kf3 Kf6 60.Ke3 Nc5 61.Re8 Nfd7 62.Kf3 Ne6 63.Kg4 Ndc5 64.Kf3 Nd4+
65.Ke3 Nb5 66.Rc8 Nd7 67.Rd8 Ke6 68.Re8+ Kxd6 69.Rg8 Nd4 70.Rxg7 Ne6 71.Rf7 Nef8
72.Rg7 Ne6 73.Rf7  1/2-1/2

[Event "HUN-chT2 9495"]
[Site "HUN"]
[Date "1995.??.??"]
[Round "?"]
[White "Vincze, Istvan"]
[Black "Acs, Peter"]
[Result "1/2-1/2"]
[WhiteElo "2315"]
[BlackElo "2240"]

1.d4 d5 2.c4 c6 3.Nf3 Nf6 4.Qc2 g6 5.Bf4 Bg7 6.e3 O-O 7.h3 Nbd7 8.Nc3 dxc4
9.Bxc4 b5 10.Bd3 Bb7 11.O-O c5 12.Nxb5 Bxf3 13.gxf3 Nd5 14.Bg3 a6 15.Qb3 Nb4
16.Nc7 Ra7 17.dxc5 Nxd3 18.Qxd3 Rxc7 19.Rad1 Rxc5 20.Qxd7 Qxd7 21.Rxd7 Bxb2
22.Rxe7 Ra5 23.Rd7 Be5 24.Bxe5 Rxe5 25.Rc1 Ra5 26.Rc2 Rb8 27.e4 Rb6 28.Kg2 Rf6
29.Rd3 h5 30.h4 Kg7 31.Kg3 g5 32.Rcd2 Rc5 33.hxg5 Rxg5+ 34.Kh4  1/2-1/2

[Event "HUN-chT2 9495"]
[Site "HUN"]
[Date "1995.??.??"]
[Round "?"]
[White "Kustar, Sandor"]
[Black "Kiss, Pal"]
[Result "1/2-1/2"]
[WhiteElo "2435"]
[BlackElo "2455"]

1.Nf3 Nf6 2.c4 c6 3.d4 d5 4.Qc2 dxc4 5.Qxc4 Bf5 6.Nc3 e6 7.g3 Nbd7 8.Bg2 Be7
9.O-O O-O 10.e3 Ne4 11.Nxe4  1/2-1/2

[Event "HUN-chT1"]
[Site "HUN"]
[Date "1995.??.??"]
[Round "?"]
[White "Lorincz, Istvan"]
[Black "Varga, Sandor"]
[Result "0-1"]
[WhiteElo "2360"]
[BlackElo "2260"]

1.d4 d5 2.Nf3 Nf6 3.c4 c6 4.Nbd2 Bf5 5.Qb3 Qc7 6.g3 e6 7.Bg2 Nbd7 8.O-O Be7
9.Re1 h6 10.Nf1 O-O 11.Bf4 dxc4 12.Qxc4 Qb6 13.Ne5 Nxe5 14.Bxe5 Ng4 15.Bf4 e5
16.Bxe5 Nxe5 17.dxe5 Qxb2 18.f4 Be6 19.Qc1 Qb6+ 20.e3 Rfd8 21.Rb1 Qa6 22.Qc2 Rac8
23.f5 Bc4 24.Qb2 b6 25.f6 Bf8 26.Bh3 Rb8 27.Nd2 Qxa2 28.Nxc4 Qxc4 29.Rbc1 Qb4
30.Qc2 gxf6 31.e6 Rd6 32.Rf1 Bg7 33.exf7+ Kf8 34.Qg6 Rb7 35.Bg2 Rc7 36.Bf3 Qb3
37.Rce1 Qxf7 38.Qf5 Qe6 39.Qg6 f5 40.Qh5 Rf7 41.Bg2 Qe5 42.e4 f4 43.Qg4 fxg3
44.hxg3 Rxf1+ 45.Rxf1+ Kg8 46.Bh3 Qg5 47.Qf3 Bd4+ 48.Kg2 Rf6 49.Bf5 a5 50.Rd1 c5
51.Qb3+ Kg7 52.Qd5 Qe3 53.Rh1 Qe2+ 54.Kh3 Qh5+ 55.Kg2 Qf7 56.Qd8 Rc6 57.Rf1 Qc7
58.Qe8 Rf6 59.Rf4 Be3 60.e5 Qc6+ 61.Qxc6 Rxc6 62.Re4 Bg5 63.Bd7 Rc7 64.Bb5 Kf7
65.Kf3 Ke7 66.Ra4 Bd2 67.Ke4 Bb4 68.Kd5 c4 69.Bxc4 b5 70.Rxb4 axb4 71.Bxb5 b3  0-1

[Event "HUN-chT2 9495"]
[Site "HUN"]
[Date "1995.??.??"]
[Round "?"]
[White "Prokopisin, Vasily"]
[Black "Somlai, Laszlo"]
[Result "1/2-1/2"]
[WhiteElo "2350"]
[BlackElo "2375"]

1.d4 d5 2.Nf3 Nf6 3.c4 c6 4.Qc2 dxc4 5.Qxc4 Bf5 6.g3 e6 7.Bg2 Be7 8.O-O O-O
9.Nc3 Nbd7 10.Bg5 Ne4 11.Bxe7 Qxe7 12.Rfd1 Nxc3 13.Qxc3 Be4 14.Qe3 Bd5 15.Qd3 Nf6
16.Ne5 Bxg2 17.Kxg2 Rfd8 18.Rac1 Rac8 19.Qc4 Nd7 20.Nxd7 Rxd7 21.Qc5 Qxc5
22.Rxc5 Rcd8 23.e3 Kf8  1/2-1/2

[Event "Papp Bela mem"]
[Site "HUN"]
[Date "1995.??.??"]
[Round "?"]
[White "Dudas, Janos"]
[Black "Bagyanszky, Attila"]
[Result "1/2-1/2"]
[WhiteElo "2365"]
[BlackElo "2130"]

1.d4 Nf6 2.Nf3 d5 3.c4 c6 4.Qc2 e6 5.Bg5 Nbd7 6.cxd5 exd5 7.Nc3 Bb4 8.e3 h6
9.Bh4 O-O 10.Bd3 Bxc3+ 11.Qxc3 Qe8 12.O-O Ne4 13.Bxe4 dxe4 14.Nd2 Qe6 15.b4 Nb6
16.a4 Nd5 17.Qb3 Qg4 18.Bg3 Be6 19.Qb1 f5 20.Ra3 Qe2 21.Qd1 Qxd1 22.Rxd1 Nb6
23.Rc1 a6 24.Bd6 Rf7 25.f3 Bd5 26.Kf2 Nd7 27.Nb1 Rf6 28.Bc7 Re8 29.Nc3 Bf7
30.f4 g5 31.g3 Rg6 32.b5 Rc8 33.b6 Nf6 34.h3 Nd5 35.Nxd5 Bxd5 36.Rg1 Kf7
37.Raa1 Rcg8 38.Rg2 h5 39.Rag1 Be6 40.Ke2 Ke7 41.Kd2 g4 42.Rh2 Bf7 43.h4 Re8
44.Rc1 Bd5 45.Rc5 Ke6 46.Rh1 Rg7 47.Be5 Rd7 48.Rb1 Kf7 49.Kc3 Ke6 50.Ra5 Ra8
51.Rb2 Kf7 52.Rc2 Ke6 53.Kb4 Kf7 54.Ka3 Ke6 55.Bc7 Kf6 56.Kb4 Ke6 57.Rcc5 Kf6
58.Rc2 Ke6 59.Rac5 Rc8 60.Ka5 Ke7 61.Rc1 Ke6 62.Kb4 Ke7 63.Ra5 Ra8 64.Kc3 Ke6
65.Kb2 Ke7 66.Rac5 Rc8 67.R1c2 Ke6 68.Ka1 Ke7 69.Rg2 Ke6 70.Rb2 Ke7 71.Rb4 Ke6
72.Kb2 Ke7 73.Kc3 Ke6 74.Rb2 Re8 75.Ra5 Ra8 76.Kd2 Ke7 77.Rc2 Kf6 78.Rcc5 Ke6
79.Kc3 Kf6 80.Kb4 Ke6 81.Rc1 Kf6 82.Kc5 Ke7 83.Rb1 Ke6 84.Ra1 Ke7 85.Kb4 Ke6
86.Rc1 Kf6 87.Rac5 Ke6 88.Be5 Rc8 89.R1c2 Ra8 90.Bc7 Rc8 91.Ka5 Ke7 92.Kb4 Ke6
93.a5 Ke7 94.Rc1 Ke6 95.R1c3 Ke7 96.Be5 Ke6 97.Rc2 Ke7 98.Bg7 Ke6 99.Bh6 Ke7
100.Bg5+ Ke6 101.Ka4 Kf7 102.Kb4 Ke6 103.Rc1 Kf7 104.R1c4 Ke6 105.Rc2 Kf7
106.Bh6 Ke6 107.Bg5 Kf7 108.R2c4 Ke6 109.Kc3 Kf7 110.Kb4 Ke6 111.Rc2 Kf7
112.R5c3 Ke6 113.Bh6 Kf7 114.Rc5 Ke6 115.Rb2 Kf7 116.Bg5 Ke6 117.Rb1 Kf7
118.Rb3 Ke6 119.Rbc3 Kf7 120.R3c4 Ke6 121.Rc1 Kf7 122.Rh1  1/2-1/2

[Event "HUN-chT1 9596"]
[Site "HUN"]
[Date "1995.??.??"]
[Round "4"]
[White "Vegh, Endre"]
[Black "Almasi, Istvan"]
[Result "1/2-1/2"]
[WhiteElo "2345"]
[BlackElo "2375"]

1.d4 d5 2.c4 dxc4 3.Nf3 c6 4.e3 b5 5.a4 e6 6.b3 Bb4+ 7.Bd2 Bxd2+ 8.Qxd2 cxb3
9.axb5 Ne7 10.Qb4 O-O 11.b6 Na6 12.Rxa6 Bxa6 13.Bxa6 Qxb6 14.Qxb6 axb6 15.Bc4 Ra1  1/2-1/2

[Event "ISL-chT"]
[Site "Island"]
[Date "1995.??.??"]
[Round "?"]
[White "Halldorsson, Gudmundur"]
[Black "Thorsteins, Karl"]
[Result "0-1"]
[WhiteElo "2285"]
[BlackElo "2500"]

1.d4 d5 2.Nf3 Nf6 3.c4 c6 4.Qb3 dxc4 5.Qxc4 Bf5 6.Nc3 e6 7.g3 Be7 8.Bg2 O-O
9.O-O Nbd7 10.e3 Ne4 11.Nd2 Nxd2 12.Bxd2 Bg6 13.Qb3 Qb6 14.Qxb6 axb6 15.e4 b5
16.a4 bxa4 17.Rxa4 Rxa4 18.Nxa4 Ra8 19.b3 f6 20.Rc1 Bf7 21.Nc5 Nxc5 22.dxc5 Ra2
23.Be1 h5 24.b4 g5 25.Bf1 e5 26.Bc4 Bxc4 27.Rxc4 g4 28.Kf1 Kf7 29.Rc3 Ke6
30.Rd3 Ra8 31.Kg2 Ra1 32.Re3 Rb1 33.f3 b6 34.fxg4 hxg4 35.cxb6 Bxb4 36.Bf2 Ba5
37.Ra3 Bxb6 38.Ra6 Bxf2 39.Rxc6+ Kd7 40.Rxf6 Bd4 41.h4 gxh3+ 42.Kxh3 Re1
43.Kg4 Rxe4+ 44.Kf5 Re1 45.Rf7+ Kd6 46.Rh7 Rg1 47.Rg7 Kd5 48.Rd7+ Kc4 49.g4 Kd3
50.g5 e4  0-1

[Event "Kishinev Interzonal (Women)"]
[Site "Kishinev"]
[Date "1995.??.??"]
[Round "4"]
[White "Burtman, Sharon"]
[Black "Semenova, Lidia K"]
[Result "0-1"]
[WhiteElo "2065"]
[BlackElo "2310"]

1.d4 d5 2.c4 c6 3.g3 Nf6 4.Nf3 dxc4 5.Bg2 Bf5 6.Nc3 Nbd7 7.O-O e6 8.Bg5 Be7
9.Nd2 Nb6 10.e4 Bg4 11.Nf3 h6 12.Be3 O-O 13.Qc2 Bxf3 14.Bxf3 Nfd7 15.Rfd1 Bg5
16.Bg2 Bxe3 17.fxe3 Qg5 18.Qe2 e5 19.Rf1 g6 20.Rf3 exd4 21.exd4 c5 22.d5 Ne5
23.Rff1 Rad8 24.Rad1 h5 25.Qd2 Qxd2 26.Rxd2 Nc8 27.Nd1 Nd6 28.Ne3 b5 29.Rc1 Rc8
30.h3 Kg7 31.Ra1 a6 32.g4 hxg4 33.Nxg4 Nxg4 34.hxg4 Rce8 35.Re1 Re5 36.Kf2 Rfe8
37.Rde2 Kf6 38.Kg3 Kg5 39.Bf3 b4 40.a3 bxa3 41.bxa3 Rb8 42.Re3 Rb3  0-1